Introduction to astronomical spectroscopy / (Record no. 19078)

MARC details
000 -LEADER
fixed length control field 01912cam a2200301 i 4500
001 - CONTROL NUMBER
control field 17312286
003 - CONTROL NUMBER IDENTIFIER
control field EG-ScBUE
005 - DATE AND TIME OF LATEST TRANSACTION
control field 20241215100854.0
008 - FIXED-LENGTH DATA ELEMENTS--GENERAL INFORMATION
fixed length control field 120521s2013 enka f b 001 0 eng d
020 ## - INTERNATIONAL STANDARD BOOK NUMBER
International Standard Book Number 9781107601796 (paperback)
040 ## - CATALOGING SOURCE
Original cataloging agency DLC
Language of cataloging eng
Description conventions rda
Transcribing agency DLC
Modifying agency DLC
-- EG-ScBUE
082 04 - DEWEY DECIMAL CLASSIFICATION NUMBER
Classification number 522.67
Edition number 22
Item number APP
100 1# - MAIN ENTRY--PERSONAL NAME
Personal name Appenzeller, I.
Fuller form of name (Immo),
Dates associated with a name 1940-
Relator term author.
245 10 - TITLE STATEMENT
Title Introduction to astronomical spectroscopy /
Statement of responsibility, etc Immo Appenzeller, Center for Astronomy, University of Heidelberg.
264 #1 - PUBLICATION, DISTRIBUTION, ETC. (IMPRINT)
Place of publication, distribution, etc Cambridge ;
-- New York :
Name of publisher, distributor, etc Cambridge University Press,
Date of publication, distribution, etc 2013.
300 ## - PHYSICAL DESCRIPTION
Extent xiii, 254 pages :
Other physical details illustrations ;
Dimensions 23 cm.
336 ## - CONTENT TYPE
Source rdacontent
Content type term text
Content type code txt
337 ## - MEDIA TYPE
Media type term unmediated
Source rdamedia
Media type code n
338 ## - CARRIER TYPE
Carrier type term volume
Carrier type code nc
Source rdacarrier
490 0# - SERIES STATEMENT
Series statement Cambridge observing handbooks for research astronomers ;
Volume number/sequential designation 9
504 ## - BIBLIOGRAPHY, ETC. NOTE
Bibliography, etc Includes bibliographical references and index.
505 0# - FORMATTED CONTENTS NOTE
Formatted contents note Historical remarks -- Spectroscopy in present-day astronomy -- Basic physics of spectral measurements -- Optical-range grafting and prism spectrometers -- Other techniques for the optical spectral range -- Preparing and reducing optical observation -- UV, X-ray, and gamma spectroscopy -- Spectroscopy at radio wavelengths -- Special techniques of the FIR and submillimeter range -- New developments and future prospects.
520 ## - SUMMARY, ETC.
Summary, etc "The book introduces graduate students and young researchers of astronomy and physics to the techniques and methods of astronomical spectroscopy. It covers spectroscopic methods in all branches of astronomy, including optical astronomy, radio astronomy, and astronomy at X-ray and gamma-ray wavelengths. The book will also be of interest for engineers and technicians who are designing or operating optical and space instrumentation"--
650 #7 - SUBJECT ADDED ENTRY--TOPICAL TERM
Topical term or geographic name as entry element Astronomical spectroscopy.
Source of heading or term BUEsh
653 ## - INDEX TERM--UNCONTROLLED
Resource For college Engineering, General
Arrived date list March2015
655 ## - INDEX TERM--GENRE/FORM
Form subdivision Reading book
9 (RLIN) 34232
942 ## - ADDED ENTRY ELEMENTS (KOHA)
Source of classification or shelving scheme Dewey Decimal Classification
Koha item type Book - Borrowing
Holdings
Withdrawn status Lost status Source of classification or shelving scheme Damaged status Not for loan Collection code Home library Current library Shelving location Date acquired Source of acquisition Cost, normal purchase price Total Checkouts Full call number Barcode Date last seen Cost, replacement price Koha item type
    Dewey Decimal Classification     Baccah Central Library Central Library First floor 19/03/2015   270.00   522.67 APP 000037525 15/07/2025 338.00 Book - Borrowing